Music Quiz

Random Music or Album Quiz

RUSH Studio albums Quiz Stats

 Plays Quiz Updated Aug 9, 2012

Score 0/20 Timer 05:00
3 Plays Today
Year Released Album Title % Correct
1974Rush
90.3%
19762112
88.4%
1981Moving Pictures
88.3%
1975Fly by Night
81.6%
1978Hemispheres
71.2%
2007Snakes & Arrows
70.1%
1975Caress of Steel
67.8%
1977A Farewell to Kings
67.3%
1991Roll the Bones
65.9%
2012Clockwork Angels
65.5%
Year Released Album Title % Correct
1982Signals
65%
1980Permanent Waves
63.9%
1985Power Windows
61.1%
1989Presto
58.6%
1984Grace Under Pressure
57.3%
2002Vapor Trails
55.4%
1996Test for Echo
52.3%
1993Counterparts
52.1%
1987Hold Your Fire
51.5%
2004Feedback
39.1%

You're not logged in!

Compare scores with friends on all Sporcle quizzes.
OR
Log In

Sporcle TV

Today on Sporcle TV


Watch our educational content, quiz creation guides, and fun videos on Sporcle TV.

Show Comments

Extras

Top Quizzes Today


Score Distribution

Your Account Isn't Verified!

In order to create a playlist on Sporcle, you need to verify the email address you used during registration. Go to your Sporcle Settings to finish the process.

Report this User

Report this user for behavior that violates our Community Guidelines.

Details: